[Event "Penang op-A 9th"]
[Site "Penang"]
[Date "2017.12.09"]
[Round "9"]
[White "Kumaresan, Nhavin"]
[Black "Teh, Yong Keat Anthony"]
[Result "1/2-1/2"]
[WhiteElo "1759"]
[BlackElo "1611"]
[PlyCount "38"]
[EventDate "2017.12.04"]
[EventType "swiss"]
[EventRounds "9"]
[EventCountry "MAS"]
[SourceTitle "CBM 182 Extra"]
[Source "ChessBase"]
[SourceDate "2018.02.23"]
[SourceVersion "1"]
[SourceVersionDate "2018.02.23"]
[SourceQuality "1"]

1. e4 d5 2. exd5 Nf6 3. d4 Bg4 4. f3 Bf5 5. Bb5+ Nbd7 6. Nc3 a6 7. Bd3 Bxd3 8. Qxd3 Nb6 9. Nge2 Nbxd5 10. Nxd5 Nxd5 11. c4 Nf6 12. Bg5 e6 13. 0-0 Be7 14. Rad1 c6 15. Kh1 0-0 16. Nc3 Rc8 17. Ne4 Nxe4 18. Bxe7 Ng3+ 19. hxg3 Qxe7 1/2-1/2

[Event "Penang op-A 9th"]
[Site "Penang"]
[Date "2017.12.06"]
[Round "4"]
[White "Teh, Yong Keat Anthony"]
[Black "Hee, Wei Yang"]
[Result "0-1"]
[WhiteElo "1611"]
[BlackElo "1876"]
[PlyCount "80"]
[EventDate "2017.12.04"]
[EventType "swiss"]
[EventRounds "9"]
[EventCountry "MAS"]
[SourceTitle "CBM 182 Extra"]
[Source "ChessBase"]
[SourceDate "2018.02.23"]
[SourceVersion "1"]
[SourceVersionDate "2018.02.23"]
[SourceQuality "1"]

1. e4 c5 2. Nf3 Nc6 3. Bb5 g6 4. Bxc6 bxc6 5. 0-0 Bg7 6. d3 d6 7. Re1 e5 8. Nc3 Rb8 9. Nd2 Be6 10. Nc4 Ne7 11. f4 Bxc4 12. dxc4 exf4 13. Bxf4 Bd4+ 14. Be3 Bg7 15. Rb1 0-0 16. Bf4 Bd4+ 17. Kh1 Rxb2 18. Rxb2 Bxc3 19. Rb7 Bxe1 20. Qxe1 d5 21. exd5 Re8 22. dxc6 Nxc6 23. Qf1 Qf6 24. Qc1 Qxf4 25. Qa1 Qd4 26. Qxd4 cxd4 27. Kg1 Re7 28. Rb5 Re2 29. Rc5 Nb4 30. Rc8+ Kg7 31. Rd8 Rxc2 32. Rxd4 Nc6 33. Rd7 Rxc4 34. Rc7 a6 35. Kf2 Ne5 36. Rxc4 Nxc4 37. Ke2 Kf6 38. Kd3 Na3 39. Kc3 Ke6 40. Kb4 Nb5 0-1

[Event "Penang op-A 9th"]
[Site "Penang"]
[Date "2017.12.04"]
[Round "1"]
[White "Tan, Jun Ying"]
[Black "Teh, Yong Keat Anthony"]
[Result "1-0"]
[WhiteElo "2070"]
[BlackElo "1611"]
[PlyCount "73"]
[EventDate "2017.12.04"]
[EventType "swiss"]
[EventRounds "9"]
[EventCountry "MAS"]
[SourceTitle "CBM 182 Extra"]
[Source "ChessBase"]
[SourceDate "2018.02.23"]
[SourceVersion "1"]
[SourceVersionDate "2018.02.23"]
[SourceQuality "1"]

1. b3 e5 2. Bb2 Nc6 3. e3 Nf6 4. Bb5 d6 5. Bxc6+ bxc6 6. Ne2 c5 7. d3 Ng4 8. 0-0 d5 9. h3 h5 10. hxg4 hxg4 11. Ng3 Qh4 12. Re1 e4 13. Be5 a5 14. c4 f6 15. Bxc7 Ra7 16. Bf4 g5 17. dxe4 gxf4 18. exf4 d4 19. Kf1 Bh6 20. Ke2 Qh2 21. Qd3 Bxf4 22. Nd2 Bxg3 23. Qxg3 Qxg3 24. fxg3 Rah7 25. Kf2 Rh5 26. a3 R8h7 27. b4 a4 28. e5 Bb7 29. exf6+ Kf7 30. Ne4 Bxe4 31. Rxe4 Rh1 32. Rxh1 Rxh1 33. bxc5 Rc1 34. Rxd4 Rc2+ 35. Ke3 Ke6 36. c6 Ke5 37. c7 1-0

[Event "Penang op-B 7th"]
[Site "Penang"]
[Date "2015.12.09"]
[Round "4"]
[White "Azhar, Puteri Munajjah Az"]
[Black "Teh, Yong Keat Anthony"]
[Result "1-0"]
[WhiteElo "1741"]
[BlackElo "1446"]
[PlyCount "143"]
[EventDate "2015.12.07"]
[EventType "swiss"]
[EventRounds "9"]
[EventCountry "MAS"]
[SourceTitle "CBM 170 Extra"]
[Source "ChessBase"]
[SourceDate "2016.02.25"]
[SourceVersion "1"]
[SourceVersionDate "2016.02.25"]
[SourceQuality "1"]

1. e4 c5 2. Nf3 Nc6 3. d4 cxd4 4. Nxd4 Nf6 5. Nc3 g6 6. Be2 Bg7 7. Be3 0-0 8. 0-0 d5 9. exd5 Nxd5 10. Nxd5 Qxd5 11. Bf3 Qd7 12. Bxc6 bxc6 13. c3 Ba6 14. Re1 Rab8 15. b4 Qd5 16. Qa4 Bb7 17. f3 a5 18. bxa5 c5 19. Ne2 Ba6 20. Rad1 Qf5 21. Ng3 Qc8 22. Rd5 c4 23. Bd4 Bxd4+ 24. Rxd4 Qc5 25. Ne4 Qa7 26. Kf1 Rfd8 27. Red1 Rxd4 28. Rxd4 Rb1+ 29. Ke2 Rb2+ 30. Rd2 Bb5 31. Qa3 Rxd2+ 32. Nxd2 Qg1 33. Qb4 Qxg2+ 34. Kd1 Bc6 35. Qb8+ Kg7 36. Qe5+ Kg8 37. Qg3 Qh1+ 38. Ke2 Qa1 39. Qb8+ Kg7 40. Qe5+ Kg8 41. Nxc4 Qxa2+ 42. Nd2 Bxf3+ 43. Ke3 Bc6 44. Qb8+ Kg7 45. Qb6 Qe6+ 46. Kd3 f6 47. Qc5 Bb7 48. Qb6 Qd5+ 49. Kc2 Kf7 50. Qb3 Ke6 51. c4 Qc6 52. c5+ Kd7 53. Qb4 Ke6 54. Kb2 f5 55. Nb3 Kf6 56. Nd4 Qg2+ 57. Ka3 e5 58. c6 Bc8 59. Qd6+ Kg5 60. Qxe5 Qh3+ 61. Kb4 Qd3 62. Kc5 Qc3+ 63. Kb6 Qb4+ 64. Kc7 Qf8 65. Nb5 Ba6 66. Nd6 h5 67. Nb7 Qb4 68. Kb8 Bb5 69. c7 Bd7 70. c8Q Bxc8 71. Kxc8 Kg4 72. Qg3# 1-0